000 00538nam a2200169Ia 4500
008 090124s9999 xx 000 0 und d
082 _b125213
100 _aसबनीस शां. आ.
245 _a महाराष्ट्र मेघदूत
250 _a1
260 _c1938
600 _aसबनीस शां. आ.
630 _a महाराष्ट्र मेघदूत
700 _aसबनीस शां. आ.
730 _a महाराष्ट्र मेघदूत
942 _cBOOK
999 _c171301
_d171301